Name all U.S. Presidents in Order - Statistics

General Stats
  • This quiz has been taken 672 times
    666 since last reset
  • The average score is 39 of 47
Answer Stats
Term Party Answer % Correct
1789-1797 Independent George Washington
100%
1797-1801 Federalist John Adams
97%
1801-1809 Democratic-Republican Thomas Jefferson
95%
1809-1817 Democratic-Republican James Madison
91%
1817-1825 Democratic-Republican James Monroe
89%
1825-1829 Democratic-Republican John Quincy Adams
88%
1861-1865 Republican/National Union Abraham Lincoln
87%
1829-1837 Democrat Andrew Jackson
87%
2009-2017 Democrat Barack Obama
84%
2017-2021 Republican Donald Trump
84%
2025-present Republican Donald Trump
84%
2021-2025 Democrat Joe Biden
84%
1837-1841 Democrat Martin Van Buren
84%
1981-1989 Republican Ronald Reagan
84%
1841 Whig William Henry Harrison
84%
1933-1945 Democrat Franklin D. Roosevelt
83%
1989-1993 Republican George H.W. Bush
83%
2001-2009 Republican George W. Bush
83%
1961-1963 Democrat John F. Kennedy
83%
1993-2001 Democrat Bill Clinton
82%
1977-1981 Democrat Jimmy Carter
82%
1869-1877 Republican Ulysses Grant
82%
1865-1869 Democrat/National Union Andrew Johnson
81%
1953-1961 Republican Dwight D. Eisenhower
81%
1974-1977 Republican Gerald Ford
81%
1945-1953 Democrat Harry Truman
81%
1841-1845 Whig John Tyler
81%
1969-1974 Republican Richard Nixon
81%
1901-1909 Republican Theodore Roosevelt
81%
1913-1921 Democrat Woodrow Wilson
81%
1929-1933 Republican Herbert Hoover
80%
1845-1849 Democrat James Polk
80%
1963-1969 Democrat Lyndon B. Johnson
80%
1857-1861 Democrat James Buchanan
78%
1881 Republican James Garfield
78%
1849-1850 Whig Zachary Taylor
78%
1853-1857 Democrat Franklin Pierce
77%
1885-1889 Democrat Grover Cleveland
77%
1909-1913 Republican William Howard Taft
77%
1923-1929 Republican Calvin Coolidge
76%
1893-1897 Democrat Grover Cleveland
76%
1850-1853 Whig Millard Fillmore
76%
1921-1923 Republican Warren Harding
75%
1877-1881 Republican Rutherford B. Hayes
74%
1897-1901 Republican William McKinley
74%
1881-1885 Republican Chester Arthur
73%
1889-1893 Republican Benjamin Harrison
72%
No matching quizzes found
Score Distribution
Percent of People with Each Score
Percentile by Number Answered
Your Score History
You have not taken this quiz since the last reset